000 00767nam a22002537a 4500
001 BR9101326
003 BR-BrBNA
005 20230928093539.0
007 ta
008 230509b bl.||||| |||| 00| 0 por d
040 _aBR-BrBNA
_bpor
_cBiblioteca Nacional de Agricultura
041 _a(Por)
072 _aE14
_b/G514
090 _ E14 BR9101326
110 1 _aMinisterio da Agricultura e Reforma Agraria, Brasilia, DF (Brasil);
110 1 _aSecretaria de Planejamento Agricola, Brasilia, DF (Brasil)
_99007
245 1 _aPrograma de acao governamental 1987-91: agricultura
260 3 _aBrasilia, DF (Brasil):
_c1987.
300 _a272 p.
650 _aPLANEJAMENTO AGRICOLA
650 _aDIRETRIZ
909 _a202309
_bLucia
_c55
_dLucia Elande
942 _cBK
999 _c45622
_d45622